| 000 | 00778nam a22002057a 4500 | ||
|---|---|---|---|
| 999 |
_c16504 _d16504 |
||
| 003 | AR-CdUCM | ||
| 008 | 190401b ||||| |||| 00| 0 spa d | ||
| 040 |
_aMUNICIPALIDAD PROVINCIAL DEL CUSCO _cBIBLIOTECA MUNICIPAL DEL CUSCO |
||
| 082 |
_a985.90 / / _bN82 |
||
| 100 |
_aNoriega Calmet, Fernando _927158 |
||
| 245 | _aNuestro mar y la amenaza imperialista / | ||
| 260 |
_aLima : _bLiborio Estrada, _c1972. |
||
| 300 |
_a208 páginas ; _c19 cm. |
||
| 505 | _aContenido: Conceptos personales sobre el mar peruano -- Ciclo de conferencias realizadas en la universidad nacional de IngenierĂa -- Las doscientas millas ... | ||
| 650 |
_aMar peruano _9238 |
||
| 650 |
_aDoscientas millas _935980 |
||
| 650 |
_aRiqueza _94060 |
||
| 942 |
_2ddc _cLIBROS |
||
| 945 |
_arah _d03/05/2019 |
||